La construcción de identidades en la sociedad actual : un desafío para la educación y para la democracia (Record no. 140377)
[ view plain ]
| 000 -CABECERA | |
|---|---|
| campo de control de longitud fija | 00606nab a2200193 a 4500 |
| 005 - FECHA Y HORA DE LA ÚLTIMA TRANSACCIÓN | |
| campo de control | 20210219160553.0 |
| 008 - ELEMENTOS DE LONGITUD FIJA--INFORMACIÓN GENERAL | |
| campo de control de longitud fija | 991125s1985 mx 000 0 spa u |
| 035 ## - NÚMERO DE CONTROL DEL SISTEMA | |
| Número de control de sistema | UPN01000168270 |
| 100 1# - ASIENTO PRINCIPAL--NOMBRE PERSONAL | |
| Nombre de persona | Rodríguez Lestegás, Francisco |
| 222 ## - TÍTULO CLAVE | |
| Título clave | REVISTA ESPAÑOLA DE PEDAGOGIA |
| 245 ## - MENCIÓN DE TÍTULO | |
| Título | La construcción de identidades en la sociedad actual : un desafío para la educación y para la democracia |
| 300 ## - DESCRIPCIÓN FÍSICA | |
| Extensión | 85-101 |
| 362 0# - FECHAS DE PUBLICACIÓN Y/O DESIGNACIÓN SECUENCIAL | |
| Fecha de publicación y/o designación secuencial | 2008 Año 66, no. 239, ene.-abr. |
| 653 0# - TERMINO DE INDIZACION - NO CONTROLADO | |
| Término no controlado | IDENTIDAD |
| 653 0# - TERMINO DE INDIZACION - NO CONTROLADO | |
| Término no controlado | EDUCACION MULTICULTURAL |
| 653 0# - TERMINO DE INDIZACION - NO CONTROLADO | |
| Término no controlado | CIUDADANIA |
| 653 0# - TERMINO DE INDIZACION - NO CONTROLADO | |
| Término no controlado | DEMOCRACIA |
| 905 ## - TIPO DE MATERIAL | |
| Tipo de material | Articulo |
No items available.
